000 01433nam0a2200373 4500
001 RU\NLR\BIBL_A\022718696
005 20260318173551.0
010 _a978-5-17-176800-3
_92000
021 _aRU
_bАЛ-П-25-01344и
_9АЛ-П-25-0253
035 _a(NLR Aleph) 022718696
090 _a13639590
_c13639590
100 _a20260204d2025 u y0rusy50 ca
101 1 _arus
_aeng
_ckor
102 _aRU
105 _aa z 000yy
181 0 _ab3
_bbb2e
181 0 _ai2
_baxxe
182 0 _an
200 1 _aПрикосновения любви
_e[артбук
_eнежная любовь, как в любимой дораме]
_fЯн Сеын
_g[перевод с корейского Яны Харюковой]
_gиллюстрации Zipcy
203 _aИзображение
_aТекст
_bвизуальные
_cнепосредственные
210 _aМосква
_cАСТ
_d2025
215 _a205, [2] с.
_cцв. ил.
_d21
225 1 _aСерия "Мастера манги"
300 _aВ вып. дан. авт.: Ян Сеын (Zipcy)
300 _aЧасть текста англ.
333 _a18+
600 0 _aЯн Сеын
_2nlr_sh2
_3RU\NLR\AUTH\6601767688
686 1 _aЩ153(5КоЮ)8-8Ян Сеын
700 0 _aЯн Сеын
_3RU\NLR\AUTH\770290494
702 1 _aХарюкова
_bЯ. А.
_gЯна А
_4730
942 _cBOOK
980 _aNB